<?xml version="1.0" encoding="UTF-8"?>
<record
    xmlns:xsi="http://www.w3.org/2001/XMLSchema-instance"
    xsi:schemaLocation="http://www.loc.gov/MARC21/slim http://www.loc.gov/standards/marcxml/schema/MARC21slim.xsd"
    xmlns="http://www.loc.gov/MARC21/slim">

  <leader>01190    a2200385   4500</leader>
  <controlfield tag="005">20260325155058.0</controlfield>
  <controlfield tag="008">260325b        |||||||| |||| 00| 0 eng d</controlfield>
  <datafield tag="041" ind1=" " ind2=" ">
    <subfield code="a">En</subfield>
  </datafield>
  <datafield tag="044" ind1=" " ind2=" ">
    <subfield code="a">CIV</subfield>
  </datafield>
  <datafield tag="090" ind1=" " ind2=" ">
    <subfield code="b">DG/A/1676</subfield>
  </datafield>
  <datafield tag="100" ind1=" " ind2=" ">
    <subfield code="a">KOUAKOU, Malanno </subfield>
  </datafield>
  <datafield tag="100" ind1=" " ind2=" ">
    <subfield code="a">KOUADIO, Bini Kra Norbert</subfield>
  </datafield>
  <datafield tag="100" ind1=" " ind2=" ">
    <subfield code="a"> KOBENAN, Koffi Christophe</subfield>
  </datafield>
  <datafield tag="100" ind1=" " ind2=" ">
    <subfield code="a"> OCHOU, Germain Ochou</subfield>
  </datafield>
  <datafield tag="110" ind1=" " ind2=" ">
    <subfield code="a">Centre National de Recherche Agronomique</subfield>
  </datafield>
  <datafield tag="110" ind1=" " ind2=" ">
    <subfield code="b">Cote d'Ivoire</subfield>
  </datafield>
  <datafield tag="242" ind1=" " ind2=" ">
    <subfield code="a"> GESTION DES ARTHROPODES ET ECOLOGIE APPLIQUEE : Identification moleculaire des cicadelles infestant le gombo, l'aubergine et le coton</subfield>
  </datafield>
  <datafield tag="245" ind1=" " ind2=" ">
    <subfield code="a">WCRC-8 special issue arthropod managment &amp; applied ecology molecular </subfield>
    <subfield code="b">: Identification of leafhoppers infesting Okra eggplant and Cotton</subfield>
  </datafield>
  <datafield tag="260" ind1=" " ind2=" ">
    <subfield code="a">The Journal of Cotton Science </subfield>
  </datafield>
  <datafield tag="260" ind1=" " ind2=" ">
    <subfield code="b">CNRA</subfield>
  </datafield>
  <datafield tag="260" ind1=" " ind2=" ">
    <subfield code="c">2025</subfield>
  </datafield>
  <datafield tag="302" ind1=" " ind2=" ">
    <subfield code="a"></subfield>
  </datafield>
  <datafield tag="388" ind1=" " ind2=" ">
    <subfield code="a">2026-03-25</subfield>
  </datafield>
  <datafield tag="650" ind1=" " ind2=" ">
    <subfield code="2">AGROVOC</subfield>
    <subfield code="g">Cote d'Ivoire</subfield>
  </datafield>
  <datafield tag="650" ind1=" " ind2=" ">
    <subfield code="g">Arthropode</subfield>
  </datafield>
  <datafield tag="650" ind1=" " ind2=" ">
    <subfield code="g">Gestion</subfield>
  </datafield>
  <datafield tag="650" ind1=" " ind2=" ">
    <subfield code="g">Ecologie</subfield>
  </datafield>
  <datafield tag="650" ind1=" " ind2=" ">
    <subfield code="g">Identification</subfield>
  </datafield>
  <datafield tag="650" ind1=" " ind2=" ">
    <subfield code="g">Molecule</subfield>
  </datafield>
  <datafield tag="650" ind1=" " ind2=" ">
    <subfield code="g">Cicadelle</subfield>
  </datafield>
  <datafield tag="650" ind1=" " ind2=" ">
    <subfield code="g">Infestation</subfield>
  </datafield>
  <datafield tag="650" ind1=" " ind2=" ">
    <subfield code="g">Gombo</subfield>
  </datafield>
  <datafield tag="650" ind1=" " ind2=" ">
    <subfield code="g">Aubergine</subfield>
  </datafield>
  <datafield tag="650" ind1=" " ind2=" ">
    <subfield code="g">Coton</subfield>
  </datafield>
  <datafield tag="999" ind1=" " ind2=" ">
    <subfield code="c">6019</subfield>
    <subfield code="d">6019</subfield>
  </datafield>
  <datafield tag="952" ind1=" " ind2=" ">
    <subfield code="0">0</subfield>
    <subfield code="1">0</subfield>
    <subfield code="2">udc</subfield>
    <subfield code="4">0</subfield>
    <subfield code="6">DGA1676</subfield>
    <subfield code="7">0</subfield>
    <subfield code="9">4604</subfield>
    <subfield code="a">CGC</subfield>
    <subfield code="b">CGC</subfield>
    <subfield code="d">2026-03-25</subfield>
    <subfield code="l">0</subfield>
    <subfield code="o">DG/A/1676</subfield>
    <subfield code="r">2026-03-25 15:51:00</subfield>
    <subfield code="w">2026-03-25</subfield>
    <subfield code="y">BK</subfield>
  </datafield>
</record>
